Podnik nelze řídit jako mechanický stroj

Problémy s realizáciou plánov a strategických cieľov. Klasický prístup k tvorbe stratégie. Dynamický a akčný prístup k tvorbe stratégie.

Saved in:
Bibliographic Details
Main Author: Košturiak, Ján
Format: Book Chapter
Language:Czech
Subjects:
Tags: Add Tag
No Tags, Be the first to tag this record!

MARC

LEADER 00000naa a2200000 4500
001 0193913
005 20231211094916.5
041 0 |a cze 
044 |a CZ 
245 1 0 |a Podnik nelze řídit jako mechanický stroj  |c Ján Košturiak 
520 |a Problémy s realizáciou plánov a strategických cieľov. Klasický prístup k tvorbe stratégie. Dynamický a akčný prístup k tvorbe stratégie. 
610 2 0 |a riadenie strategické 
610 2 0 |a stratégia podniková 
610 2 0 |a manažment 
610 2 0 |a podnik 
610 2 0 |a vízie 
610 2 0 |a plánovanie 
610 2 0 |a inovácia 
610 2 0 |a vedomosti 
610 2 0 |a motivácia 
100 1 |a Košturiak, Ján